| 000 | 00690nam a2200229Ia 4500 | ||
|---|---|---|---|
| 001 | 1161 | ||
| 003 | GE_BSU | ||
| 008 | 181216s||||||||xx |||||||||||||| ||und|| | ||
| 040 | _cGE_BSU | ||
| 080 | _a630(075.8) | ||
| 100 | _aგიგაური, გ. | ||
| 245 | _aტყეთმოწყობის პრაქტიკუმი. | ||
| 245 | _cრელ.ვ.მირზაშვილი | ||
| 260 | _aთბილისი | ||
| 260 | _bცოდნა | ||
| 260 | _c1963 | ||
| 300 | _a211 გვ.23 სმ. | ||
| 541 | _h7 ლ. | ||
| 653 | _aტყეთმოწყობის პრაქტიკუმი. | ||
| 653 | _aტყეღმოწყობა | ||
| 942 | _cBK | ||
| 999 |
_c35310 _d35310 |
||